Asia's Free Trade Agreements : how is business responding?.
| Format: | Book |
|---|---|
| Published: |
Cheltenham, UK:
Edward Elgar Publishing,
2011.
|
| Subjects: |
| LEADER | 00543cam a2200169 7i4500 | ||
|---|---|---|---|
| 001 | 0000027433 | ||
| 005 | 20120301090000.0 | ||
| 020 | 0 | 0 | |a 9781849803861 |
| 090 | 0 | 0 | |a ASIA 382.915 |b ASI |
| 245 | 0 | 0 | |a Asia's Free Trade Agreements : how is business responding?. |
| 260 | 0 | 0 | |a Cheltenham, UK: |b Edward Elgar Publishing, |c 2011. |
| 300 | # | # | |a 288 p. |
| 650 | 0 | 0 | |a Free trade -- |z Asia |
| 650 | 0 | 0 | |a Asia -- |x Commercial treaties |
| 650 | 0 | 0 | |a Free trade Agreements (FTA) -- |z Asia |
| 651 | 0 | 0 | |a Asia |
| 999 | |a B000030071 |b Book |c Regions |e Business Information Centre | ||


